000 02745nab a2200349 i 4500
003 BR-BrBNA
005 20250127132351.0
008 250127b2016 bl.|r|pooa||| 00| 0 eng |
040 _aBR-BrBNA
_beng
072 _aL73
_b5400
072 _aL70
100 _aBrilhante, A.F.
100 _aSouza, A.I.
100 _aDorval, M.E.C.
100 _aFrança, A.O.
100 _aLima, R.B.
100 _aGalati, E.A.B.
100 _aNunes, V.L.B.
245 _aCanine cutaneous leishmaniasis by Leishmania (Viannia) braziliensis in an agricultural settlement, endemic area for leishmaniasis
500 _a Publicação online; 12 ref.; Summaries (En, Pt)
520 _a ABSTRACT - Cutaneous leishmaniasis has several species of Leishmania as agents, and a wide variety of wild and domestic animals as hosts and different species of phlebotomines as vectors. A case of cutaneous leishmaniasis in a dog coming from an agricultural settlement is described. This is the first report of parasitism in a dog by Le. (Viannia) braziliensis in Mato Grosso do Sul State. Attention is called to the importance of including this protozoonosis in the differential diagnosis of dermopathies in dogs as also the need to assess the importance of the domestic dog as a possible reservoir of Le. braziliensis. Keywords: domestic dog, human cases, reservoir
520 _a RESUMO - As leishmanioses tegumentares são antropozoonoses metaxênicas de importância em saúde pública. Possuem como agentes etiológicos várias espécies de Leishmania, com ampla variedade de hospedeiros, como animais selvagens e domésticos, e diferentes espécies de flebotomíneos como vetores. Um caso de leishmaniose tegumentar em um cão procedente de um assentamento agrícola em Mato Grosso do Sul é descrito, sendo este o primeiro relato de parasitismo em cão doméstico nesse estado por Le. (Viannia) braziliensis. Alerta-se para a importância de se incluir essa protozoonose no diagnóstico diferencial de dermopatias em cães e para a necessidade de se avaliar o papel do cão doméstico como reservatório de Le. (Vi.) braziliensis. Palavras-chave: cão doméstico, casos humanos, reservatório
650 _aCÃO
650 _aLEISHMANIOSE
650 _aDOENÇA ANIMAL
650 _aVETERINÁRIA
650 _aSAÚDE PÚBLICA
773 0 _01643
_9348075
_dBelo Horizonte-MG Universidade Federal de Minas Gerais - Escola de Veterinaria 1983
_o2025-0570
_tArquivo Brasileiro de Medicina Veterinária e Zootecnia (Brazil)
_x0102-0935
_gv. 68(4) p.927-930; (2016)
_wBR2024004577
856 _uhttps://www.scielo.br/j/abmvz/a/vMzV5nVhMpSzPn8zgsrNLcD/?format=pdf&lang=en
942 _cANA
999 _c329685
_d329685